| 000 | 01037nam a2200277Ia 4500 | ||
|---|---|---|---|
| 003 | GCL | ||
| 008 | 140319s9999 xx 000 0 ara d | ||
| 040 |
_aGCL / _cGCL |
||
| 082 | 0 | 4 |
_a341.69 _bم ت |
| 100 | 1 | _aعبدالله يوسف الغنيم | |
| 245 | 1 | 0 |
_aتدمير ابار النفط فى الوثائق العراقية : الاضرار البيئية والاقتصادية والجهود الكويتية فى المحافظة على الثروة النفطية / _cعبدالله يوسف الغنيم |
| 700 | 1 | _aمجموعة من المتخصصين | |
| 300 | _a408 ص | ||
| 490 | _a | ||
| 650 | 0 | 4 | _aالبيئة |
| 650 | 0 | 4 | _aتلوث البيئة |
| 650 | 0 | 4 | _aالقانون الدولى |
| 650 | 0 | 4 | _aالصحة العامة |
| 650 | 0 | 4 | _aحرب الخليج |
| 650 | 0 | 4 | _aالجرائم الدولية |
| 650 | 0 | 4 | _aالتخريب والتدمير |
| 650 | 0 | 4 | _aجرائم الحرب |
| 650 | 0 | 4 | _aالهواء - تلوث |
| 650 | 0 | 4 | _aالبترول - ابار - الكويت |
| 942 |
_2ddc _cBK |
||
| 999 |
_c46670 _d46670 |
||